<?xml version="1.0" encoding="UTF-8"?>
<marc:record xmlns:marc="http://www.loc.gov/MARC21/slim">
   <marc:leader>00000nam a2200000 a 4500</marc:leader>
   <marc:datafield ind1="1" ind2=" " tag="100">
      <marc:subfield code="a">Harris, Joanne</marc:subfield>
      <marc:subfield code="4">ctb</marc:subfield>
      <marc:subfield code="e">Mitwirkende/-r</marc:subfield>
   </marc:datafield>
   <marc:datafield ind1="1" ind2=" " tag="100">
      <marc:subfield code="a">Schnapp, Sanne</marc:subfield>
      <marc:subfield code="4">ctb</marc:subfield>
      <marc:subfield code="e">Mitwirkende/-r</marc:subfield>
   </marc:datafield>
   <marc:datafield ind1=" " ind2=" " tag="653">
      <marc:subfield code="a">Cassette</marc:subfield>
   </marc:datafield>
   <marc:datafield ind1=" " ind2=" " tag="653">
      <marc:subfield code="a">CD</marc:subfield>
   </marc:datafield>
   <marc:datafield ind1="0" ind2="0" tag="245">
      <marc:subfield code="a">Das Lächeln des Harlekins</marc:subfield>
   </marc:datafield>
   <marc:datafield ind1="0" ind2="0" tag="245">
      <marc:subfield code="b">Roman</marc:subfield>
   </marc:datafield>
   <marc:datafield ind1="0" ind2="0" tag="245">
      <marc:subfield code="c">Joanne Harris. In der Übers. von Charlotte Breuer. Gelesen von Sanne Schnapp</marc:subfield>
   </marc:datafield>
   <marc:datafield ind1=" " ind2="1" tag="264">
      <marc:subfield code="a">Daun</marc:subfield>
      <marc:subfield code="b">TechniSat Digital, Radioropa Hörbuch</marc:subfield>
      <marc:subfield code="c">2006</marc:subfield>
   </marc:datafield>
   <marc:datafield ind1="1" ind2=" " tag="520">
      <marc:subfield code="a">Angaben aus der Verlagsmeldung

Das Lächeln des Harlekins / von Joanne Harris

Von der Autorin des Bestsellers "Chocolat"

Frankreich im 17. Jahrhundert: Für ihre Tochter hat Juliette das freie Leben als Seiltänzerin aufgegeben und lebt nun zurückgezogen als Nonne in dem kleinen Inselkloster Sainte Marie-de-la-mer. Da taucht eines Tages LeMerle auf, der Mann, der Juliettes große Liebe war, bis er sie grausam verriet. Doch ist seine Macht über sie wirklich gebrochen?
Kann Juliette sich ihm entziehen oder verfällt sie ihm erneut? Selten hat Joanne Harris ihren Zauber so gesponnen wie in diesem Roman. Gekonnt verknüpft sie die Unbeschwertheit der Zirkuswelt mit einem Ränkespiel um Macht, Glauben – und die Verführungskraft der Liebe.

»Joanne Harris ist so gut, dass sie einfach über alles schreiben kann.«
Daily Telegraph.

In der Übersetzung von Charlotte Breuer
</marc:subfield>
   </marc:datafield>
   <marc:datafield ind1=" " ind2=" " tag="020">
      <marc:subfield code="a">9783866675889</marc:subfield>
      <marc:subfield code="9">9783866675889</marc:subfield>
   </marc:datafield>
   <marc:datafield ind1=" " ind2=" " tag="020">
      <marc:subfield code="a">3866675887</marc:subfield>
      <marc:subfield code="9">3866675887</marc:subfield>
   </marc:datafield>
   <marc:datafield ind1=" " ind2=" " tag="041">
      <marc:subfield code="a">ger</marc:subfield>
   </marc:datafield>
   <marc:datafield ind1=" " ind2=" " tag="300">
      <marc:subfield code="a">11 CDs, 2 CDs (MP3)</marc:subfield>
   </marc:datafield>
</marc:record>
